|
|
|
|
| LEADER |
02276cam a2200457 a 4500 |
| 001 |
00556660 |
| 003 |
GR-PaULI |
| 008 |
140128s2011 gr a b 001 0 gre|c |
| 020 |
|
|
|a 9789604183104
|
| 040 |
|
|
|a GrPaTEI
|b gre
|c GR-PaULI
|
| 050 |
|
4 |
|a TK4001
|b .B58 2011
|
| 050 |
|
4 |
|a ΤΚ4001
|b .Μ65 2011
|
| 082 |
0 |
4 |
|a 621.31042
|2 22
|
| 082 |
0 |
4 |
|a 621.31924
|2 22
|
| 082 |
0 |
4 |
|a 621.46 ΜΠΙ
|2 21
|
| 100 |
1 |
|
|a Μπιτζιώνης, Βασίλειος Δ.
|
| 245 |
1 |
0 |
|a Βιομηχανικές ηλεκτρικές εγκαταστάσεις :
|b κίνηση, αυτοματισμός, εναλλακτικές μορφές ενέργειας /
|c Βασίλης Δ. Μπιτζιώνης.
|
| 260 |
|
|
|a Θεσσαλονίκη :
|b Τζιόλας,
|c c2011.
|
| 300 |
|
|
|a 791 σ. :
|b εικ. ;
|c 25 εκ.
|
| 504 |
|
|
|a Περιλαμβάνει βιβλιογραφίες και ευρετήριο.
|
| 650 |
|
0 |
|a Buildings
|x Electric equipment
|
| 650 |
|
0 |
|a Electric power systems
|
| 650 |
|
0 |
|a Electric power systems
|v Textbooks
|
| 650 |
|
0 |
|a Industrial buildings
|x Power supply
|
| 650 |
|
0 |
|a Industries
|x Power supplies
|
| 650 |
|
0 |
|a Industries
|x Power supply
|
| 650 |
|
0 |
|a Industries
|x Power supply
|v Textbooks
|
| 650 |
|
0 |
|a Renewable energy sources
|
| 650 |
|
0 |
|a Renewable energy sources
|v Textbooks
|
| 650 |
|
7 |
|a Ανανεώσιμες πηγές ενέργειας.
|2 nlgaf
|
| 650 |
|
7 |
|a Αυτοματισμός
|x Βιομηχανίες.
|2 nlgaf
|
| 650 |
|
7 |
|a Βιομηχανίες
|x Τροφοδοτικά.
|2 nlgaf
|
| 650 |
|
7 |
|a Ηλεκτρικές εγκαταστάσεις.
|2 nlgaf
|
| 650 |
|
7 |
|a Συστήματα ηλεκτρικής ενέργειας
|v Διδακτικά βιβλία.
|2 lcsh/gre
|
| 650 |
|
7 |
|a Συστήματα ηλεκτρικής ισχύος.
|2 nlgaf
|
| 856 |
4 |
0 |
|z Εξώφυλλο
|u https://static.eudoxus.gr/books/52/cover-18548652.jpg
|
| 856 |
4 |
1 |
|3 Περιεχόμενα
|u https://static.eudoxus.gr/books/52/toc-18548652.pdf
|
| 942 |
|
|
|2 ddc
|
| 952 |
|
|
|0 0
|1 0
|2 ddc
|4 0
|6 621_319000000000000_24_ΜΠΙ
|7 0
|9 253203
|a MSLG
|b MSLG
|c EUD
|d 2021-01-17
|e 24
|f 0
|g 0.00
|l 0
|o 621.319 24 ΜΠΙ
|p 2420000026017
|r 2021-01-17 00:00:00
|t 1
|v 2021.00
|w 2021-01-17
|y BK15
|x 20140324 0 ΧΑΣΑΝΗ 0
|x GrPaTEI
|
| 971 |
|
|
|a .b23017612
|b 03-10-20
|c 14-09-15
|
| 999 |
|
|
|c 149524
|d 149524
|